[Event "Titled Tuesday intern op 09th Jan Early"]
[Site "Chess.com INT"]
[Date "2024.01.09"]
[Round "5"]
[White "Zhuk, Valeriy"]
[Black "Nouali, Mohamed"]
[Result "1-0"]
[WhiteElo "2248"]
[BlackElo "2137"]
[PlyCount "73"]
[EventDate "2024.01.09"]
[EventType "swiss (blitz)"]
[EventRounds "11"]
[EventCountry "USA"]
[SourceTitle "CB03_2024"]
[SourceDate "2024.01.17"]
[SourceVersion "1"]
[SourceVersionDate "2024.01.17"]
[SourceQuality "1"]

1. e4 c5 2. Nf3 Nc6 3. d4 cxd4 4. Nxd4 g6 5. Be2 Bg7 6. Nb3 a5 7. a4 Nf6 8. Nc3 0-0 9. 0-0 d6 10. Bg5 Be6 11. Bf3 Rc8 12. Re1 Ne5 13. Be2 Rxc3 14. bxc3 Nxe4 15. Bd2 Qc7 16. Nd4 Nxc3 17. Bxc3 Qxc3 18. Nxe6 fxe6 19. Rb1 Nc6 20. Bg4 Bd4 21. Bxe6+ Kh8 22. Rf1 b6 23. Rb3 Qc5 24. Rf3 Rf6 25. Rxf6 exf6 26. Bb3 Kg7 27. Qe2 Be5 28. g3 Nd4 29. Qd3 g5 30. h3 h5 31. Kg2 g4 32. hxg4 hxg4 33. Qe4 f5 34. Qb7+ Kh6 35. Rh1+ Kg5 36. Qf7 Qc6+ 37. Bd5 1-0

[Event "Titled Tuesday intern op 19th Dec Early"]
[Site "Chess.com INT"]
[Date "2023.12.19"]
[Round "10"]
[White "Fishchuk, Vladyslav"]
[Black "Zhuk, Valeriy"]
[Result "1-0"]
[WhiteElo "2198"]
[BlackElo "2248"]
[PlyCount "59"]
[EventDate "2023.12.19"]
[EventType "swiss (blitz)"]
[EventRounds "11"]
[EventCountry "USA"]
[SourceTitle "CB52_2023"]
[SourceDate "2023.12.27"]
[SourceVersion "1"]
[SourceVersionDate "2023.12.27"]
[SourceQuality "1"]

1. Nc3 Nf6 2. e4 e5 3. Nf3 Nc6 4. Bb5 Bb4 5. 0-0 0-0 6. Bxc6 dxc6 7. d3 Re8 8. Ne2 Nd7 9. Ng3 Nf8 10. c3 Bd6 11. d4 f6 12. Nh4 c5 13. d5 Ng6 14. Nhf5 Bf8 15. Qg4 Kh8 16. h4 Ne7 17. h5 c6 18. dxc6 Nxc6 19. Rd1 Qc7 20. Qh4 Qf7 21. Be3 Be6 22. Nd6 Bxd6 23. Rxd6 Bxa2 24. h6 g5 25. Qg4 Be6 26. Qf3 Red8 27. Bxc5 Rxd6 28. Bxd6 Rd8 29. Bc5 b6 30. Be3 1-0

[Event "Titled Tuesday intern op 19th Dec Early"]
[Site "Chess.com INT"]
[Date "2023.12.19"]
[Round "3"]
[White "Mende, Andreas"]
[Black "Zhuk, Valeriy"]
[Result "1/2-1/2"]
[WhiteElo "2106"]
[BlackElo "2248"]
[PlyCount "85"]
[EventDate "2023.12.19"]
[EventType "swiss (blitz)"]
[EventRounds "11"]
[EventCountry "USA"]
[SourceTitle "CB52_2023"]
[SourceDate "2023.12.27"]
[SourceVersion "1"]
[SourceVersionDate "2023.12.27"]
[SourceQuality "1"]

1. c4 Nf6 2. g3 g6 3. Bg2 Bg7 4. Nc3 0-0 5. e4 d6 6. Nge2 c5 7. 0-0 Nc6 8. d3 Bg4 9. h3 Bd7 10. Be3 Ne8 11. d4 cxd4 12. Nxd4 Nc7 13. Rc1 Nxd4 14. Bxd4 Bxd4 15. Qxd4 Ne6 16. Qe3 Bc6 17. b4 b6 18. Nd5 Bb7 19. f4 f6 20. f5 Ng5 21. h4 Nf7 22. fxg6 hxg6 23. Bh3 Bxd5 24. exd5 Kg7 25. Rfe1 Ne5 26. Be6 a5 27. c5 bxc5 28. bxc5 dxc5 29. Rxc5 Qd6 30. Rec1 Rab8 31. Rxa5 Rb2 32. Ra7 Qb4 33. Qc5 Qxc5+ 34. Rxc5 Re8 35. Rcc7 Nf3+ 36. Kf1 Rd2 37. Rxe7+ Rxe7 38. Rxe7+ Kh6 39. Bg8 Nh2+ 40. Ke1 Nf3+ 41. Kf1 Nh2+ 42. Ke1 Nf3+ 43. Kf1 1/2-1/2

[Event "Titled Tuesday intern op 12th Dec Early"]
[Site "Chess.com INT"]
[Date "2023.12.12"]
[Round "6"]
[White "Levitan, Tal"]
[Black "Zhuk, Valeriy"]
[Result "0-1"]
[WhiteElo "2272"]
[BlackElo "2248"]
[PlyCount "64"]
[EventDate "2023.12.12"]
[EventType "swiss (blitz)"]
[EventRounds "11"]
[EventCountry "USA"]
[SourceTitle "CB51_2023"]
[SourceDate "2023.12.20"]
[SourceVersion "1"]
[SourceVersionDate "2023.12.20"]
[SourceQuality "1"]

1. e4 e6 2. d4 d5 3. exd5 exd5 4. Nf3 Nf6 5. Bd3 Be7 6. 0-0 0-0 7. c3 c5 8. h3 Nc6 9. Be3 c4 10. Bc2 h6 11. Re1 Bd6 12. Nh4 Re8 13. Qf3 Ne4 14. Nf5 Bf8 15. Nd2 Qf6 16. Nxe4 dxe4 17. Bxe4 Rxe4 18. Nxh6+ Kh8 19. Qxe4 gxh6 20. d5 Bf5 21. Qxc4 Ne5 22. Qe2 Qg6 23. Bd4 f6 24. Bxe5 fxe5 25. Qxe5+ Bg7 26. Qe3 Bf6 27. d6 Rg8 28. g4 h5 29. f3 hxg4 30. fxg4 Bxg4 31. hxg4 Qxg4+ 32. Kh2 Qg2# 0-1

[Event "Moscow op-A"]
[Site "Moscow"]
[Date "2015.02.07"]
[Round "8"]
[White "Zhuk, Valeriy"]
[Black "Ofitserian, Boris"]
[Result "0-1"]
[WhiteElo "2150"]
[BlackElo "2283"]
[PlyCount "78"]
[EventDate "2015.01.31"]
[EventType "swiss"]
[EventRounds "9"]
[EventCountry "RUS"]
[SourceTitle "CBM 164 Extra"]
[Source "ChessBase"]
[SourceDate "2015.03.02"]
[SourceVersion "1"]
[SourceVersionDate "2015.03.02"]
[SourceQuality "1"]

1. Nf3 Nf6 2. c4 g6 3. Nc3 Bg7 4. e4 d6 5. d4 0-0 6. Be2 Bg4 7. Be3 Nfd7 8. h3 Bxf3 9. Bxf3 Nc6 10. Ne2 Na5 11. Rc1 c5 12. 0-0 Nc6 13. dxc5 dxc5 14. b3 Nde5 15. Nf4 Qa5 16. Qe2 b6 17. a4 Rfd8 18. Nd5 e6 19. Bd2 Nd4 20. Bxa5 Nxe2+ 21. Bxe2 exd5 22. cxd5 bxa5 23. Rxc5 Rab8 24. Bd1 Rb4 25. Rxa5 Rxe4 26. Rxa7 Rb4 27. Kh2 Rxd5 28. f4 Nc6 29. Rc7 Nd4 30. Re1 Bf8 31. Rc3 Ne6 32. Bf3 Rc5 33. Rec1 Rxb3 34. Rxc5 Nxc5 35. Rc4 Ra3 36. Bc6 Bd6 37. Rd4 Bc7 38. g3 Ba5 39. Bd5 Be1 0-1

[Event "Moscow op-A"]
[Site "Moscow"]
[Date "2015.02.05"]
[Round "6"]
[White "Zhuk, Valeriy"]
[Black "Mischeryakov, Alexey"]
[Result "0-1"]
[WhiteElo "2150"]
[BlackElo "1911"]
[PlyCount "112"]
[EventDate "2015.01.31"]
[EventType "swiss"]
[EventRounds "9"]
[EventCountry "RUS"]
[SourceTitle "CBM 164 Extra"]
[Source "ChessBase"]
[SourceDate "2015.03.02"]
[SourceVersion "1"]
[SourceVersionDate "2015.03.02"]
[SourceQuality "1"]

1. Nf3 Nf6 2. c4 g6 3. Nc3 Bg7 4. e4 d6 5. d4 0-0 6. Be2 e5 7. d5 a5 8. Bg5 h6 9. Bh4 Qe8 10. b3 Nh5 11. Nd2 Nf4 12. 0-0 Na6 13. a3 Bd7 14. Rb1 f5 15. b4 axb4 16. axb4 Nxe2+ 17. Qxe2 g5 18. Bxg5 hxg5 19. exf5 Bxf5 20. Nde4 Qg6 21. g4 Bxe4 22. Nxe4 Nb8 23. c5 Nd7 24. c6 bxc6 25. dxc6 Nf6 26. Ng3 Nd5 27. Nf5 Qf7 28. Qd2 Nf4 29. b5 Ra2 30. Rb2 Rxb2 31. Qxb2 Ra8 32. b6 cxb6 33. Qxb6 Ra7 34. Qd8+ Kh7 35. Qxd6 Qd5 36. Qxd5 Nxd5 37. Rd1 Nf4 38. f3 Ne2+ 39. Kf2 Nd4 40. Nxd4 exd4 41. Ke2 Rc7 42. Rc1 Kg6 43. Kd3 Kf7 44. Ke4 Ke6 45. Rc5 Bf6 46. f4 gxf4 47. Kxf4 Kd6 48. Rf5 Bg7 49. h4 Kxc6 50. g5 Rd7 51. Ke4 d3 52. Rf1 d2 53. Rd1 Kc5 54. Ke3 Bc3 55. g6 Kc4 56. h5 Bg7 0-1

[Event "Moscow op-A"]
[Site "Moscow"]
[Date "2015.02.01"]
[Round "2"]
[White "Zhuk, Valeriy"]
[Black "Schekachikhin, Maksim"]
[Result "0-1"]
[WhiteElo "2150"]
[BlackElo "2306"]
[PlyCount "66"]
[EventDate "2015.01.31"]
[EventType "swiss"]
[EventRounds "9"]
[EventCountry "RUS"]
[SourceTitle "CBM 164 Extra"]
[Source "ChessBase"]
[SourceDate "2015.03.02"]
[SourceVersion "1"]
[SourceVersionDate "2015.03.02"]
[SourceQuality "1"]

1. e4 c5 2. Nf3 e6 3. d4 cxd4 4. Nxd4 Nc6 5. Nc3 Qc7 6. Be2 a6 7. 0-0 b5 8. Be3 Bb7 9. Nxc6 Bxc6 10. a3 Nf6 11. Qd3 Qb7 12. f3 d6 13. Bf4 Rd8 14. a4 b4 15. Nb1 a5 16. c4 Nd7 17. Nd2 Nc5 18. Qc2 Be7 19. b3 Bf6 20. Rac1 Bd4+ 21. Kh1 e5 22. Bg3 Ne6 23. Rfd1 h5 24. Nf1 h4 25. Be1 Nf4 26. Bd3 f5 27. Bf2 h3 28. g3 Nxd3 29. Bxd4 Nxc1 30. Bf2 Na2 31. Qxa2 Bxe4 32. Re1 Bxf3+ 33. Kg1 0-0 0-1

[Event "Moscow op-A"]
[Site "Moscow"]
[Date "2015.01.31"]
[Round "1"]
[White "Svetlov, Dmitry"]
[Black "Zhuk, Valeriy"]
[Result "1-0"]
[WhiteElo "2396"]
[BlackElo "2150"]
[PlyCount "81"]
[EventDate "2015.01.31"]
[EventType "swiss"]
[EventRounds "9"]
[EventCountry "RUS"]
[SourceTitle "CBM 164 Extra"]
[Source "ChessBase"]
[SourceDate "2015.03.02"]
[SourceVersion "1"]
[SourceVersionDate "2015.03.02"]
[SourceQuality "1"]

1. d4 e6 2. c4 d5 3. Nf3 Nf6 4. g3 Be7 5. Bg2 0-0 6. 0-0 dxc4 7. Ne5 Nc6 8. Bxc6 bxc6 9. Nxc6 Qe8 10. Nxe7+ Qxe7 11. Qa4 e5 12. dxe5 Qxe5 13. Qxc4 Be6 14. Qd3 Rad8 15. Qe3 Qh5 16. f3 Bc4 17. Nc3 h6 18. Qxa7 Rfe8 19. Rf2 Bxe2 20. Nxe2 Rd1+ 21. Kg2 Ng4 22. fxg4 Qd5+ 23. Kh3 h5 24. Qa4 Re4 25. Qxe4 Qxe4 26. gxh5 Qe6+ 27. g4 Rd3+ 28. Ng3 Rd1 29. a4 g6 30. hxg6 Qxg6 31. Rd2 Qh6+ 32. Nh5 Rxd2 33. Bxd2 Qxd2 34. Ra3 Qxb2 35. Re3 Qb4 36. Re4 Qc3+ 37. Kh4 c5 38. Kg5 Qd2+ 39. Kf5 Qd7+ 40. Kg5 Qc6 41. Re8+ 1-0

[Event "Buryatia-ch 3rd"]
[Site "Ulan-Ude"]
[Date "2015.01.08"]
[Round "8"]
[White "Badmatsyrenov, Oleg"]
[Black "Zhuk, Valeriy"]
[Result "1-0"]
[WhiteElo "2481"]
[BlackElo "2150"]
[PlyCount "95"]
[EventDate "2015.01.05"]
[EventType "swiss"]
[EventRounds "9"]
[EventCountry "RUS"]
[SourceTitle "CBM 164 Extra"]
[Source "ChessBase"]
[SourceDate "2015.03.02"]
[SourceVersion "1"]
[SourceVersionDate "2015.03.02"]
[SourceQuality "1"]

1. e4 e6 2. Qe2 c5 3. b3 Nc6 4. Bb2 d6 5. Nc3 Nf6 6. 0-0-0 Bd7 7. f4 Qc7 8. Nf3 0-0-0 9. Kb1 a6 10. Rg1 Nd4 11. Qf2 d5 12. e5 Ng4 13. Qg3 Nxf3 14. gxf3 Nh6 15. Qf2 Nf5 16. Bh3 Ne7 17. Ne2 h5 18. Ba3 d4 19. c3 d3 20. Nc1 Ng6 21. Qe3 c4 22. Bxf8 Rhxf8 23. f5 Nxe5 24. Rde1 Nc6 25. fxe6 fxe6 26. bxc4 Qxh2 27. Bxe6 Bxe6 28. Qxe6+ Kb8 29. Nb3 Qf2 30. Rxg7 Rxf3 31. Rh1 h4 32. Qe4 Rh8 33. Qd5 Rd8 34. Qe4 Rh8 35. c5 Rf6 36. Kb2 h3 37. Qxd3 Rd8 38. Qg3+ Ka7 39. Rh2 Qf1 40. Qxh3 Qb5 41. Qh4 Re6 42. a4 Qf1 43. Qh7 Rb8 44. Rf7 Qe1 45. Qh4 Qe5 46. Qf4 Qd5 47. Qf3 Qc4 48. Rf4 1-0

[Event "Buryatia-ch 3rd"]
[Site "Ulan-Ude"]
[Date "2015.01.05"]
[Round "2"]
[White "Zhuk, Valeriy"]
[Black "Samdanov, Samdan"]
[Result "1-0"]
[WhiteElo "2150"]
[BlackElo "2336"]
[PlyCount "117"]
[EventDate "2015.01.05"]
[EventType "swiss"]
[EventRounds "9"]
[EventCountry "RUS"]
[SourceTitle "CBM 164 Extra"]
[Source "ChessBase"]
[SourceDate "2015.03.02"]
[SourceVersion "1"]
[SourceVersionDate "2015.03.02"]
[SourceQuality "1"]

1. Nf3 d5 2. c4 c6 3. g3 Nf6 4. Bg2 dxc4 5. Qc2 Qd5 6. 0-0 Bf5 7. Qc3 Nbd7 8. Na3 b5 9. b3 cxb3 10. Ng5 Be4 11. Nxe4 Nxe4 12. Qe3 f5 13. d3 Qe5 14. dxe4 Qxa1 15. Qxb3 Qf6 16. exf5 Rc8 17. e4 e5 18. fxe6 Nc5 19. Qc2 Qxe6 20. Be3 Na4 21. Nb1 Be7 22. Nd2 0-0 23. f4 Rfd8 24. e5 Bc5 25. Bxc5 Nxc5 26. Qxc5 Rxd2 27. f5 Qxa2 28. Bf3 Qa5 29. f6 Qb6 30. f7+ Kxf7 31. Bg4+ Kg6 32. Qxb6 axb6 33. Bxc8 b4 34. Rf3 Re2 35. Bf5+ Kh6 36. e6 g6 37. Kf1 Re5 38. Bh3 c5 39. Kf2 Kg5 40. Re3 Rxe3 41. Kxe3 Kf6 42. Kd3 Ke7 43. Kc4 Kd6 44. Bg4 h5 45. Bh3 h4 46. Bg4 b5+ 47. Kxb5 b3 48. Bd1 b2 49. Bc2 Kxe6 50. Kxc5 Ke5 51. Bb1 Kf6 52. Kd4 Kg5 53. Ke3 Kg4 54. Kf2 Kh3 55. Bxg6 Kxh2 56. g4 Kh3 57. Kf3 Kh2 58. g5 h3 59. Kf2 1-0

[Event "Ulan-Ude Buryatia-ch"]
[Site "Ulan-Ude"]
[Date "2013.08.24"]
[Round "3"]
[White "Badmatsyrenov, Oleg"]
[Black "Zhuk, Valeriy"]
[Result "1-0"]
[WhiteElo "2486"]
[BlackElo "2020"]
[PlyCount "63"]
[EventDate "2013.08.22"]
[EventType "swiss"]
[EventRounds "9"]
[EventCountry "RUS"]
[SourceTitle "CBM 156 Extra"]
[Source "ChessBase"]
[SourceDate "2013.10.22"]
[SourceVersion "1"]
[SourceVersionDate "2013.10.22"]
[SourceQuality "1"]

1. e4 c5 2. Nf3 Nc6 3. b4 cxb4 4. a3 bxa3 5. Bc4 g6 6. Rxa3 Bg7 7. d4 Nf6 8. e5 Ne4 9. 0-0 d5 10. Ba2 0-0 11. Re1 e6 12. c4 Kh8 13. Nc3 Nxc3 14. Rxc3 Nb4 15. Bb1 dxc4 16. Ng5 Nd3 17. Rxd3 cxd3 18. Qxd3 f5 19. Ba2 Qe7 20. Qh3 h6 21. Nf3 Kg8 22. Bxh6 Qa3 23. Bc4 Bd7 24. d5 Qe7 25. Ng5 Rfc8 26. d6 Bxh6 27. dxe7 Bxg5 28. Qg3 Rxc4 29. Qxg5 Be8 30. h4 Bf7 31. Rd1 Re8 32. f3 1-0

[Event "Ulan-Ude Bajkal op 9th"]
[Site "Ulan-Ude"]
[Date "2013.07.07"]
[Round "9"]
[White "Obolenskikh, Dmitry Aleksandrovi"]
[Black "Zhuk, Valeriy"]
[Result "1-0"]
[WhiteElo "2489"]
[BlackElo "2030"]
[PlyCount "67"]
[EventDate "2013.07.01"]
[EventType "swiss"]
[EventRounds "9"]
[EventCountry "RUS"]
[SourceTitle "EXT 2014"]
[Source "ChessBase"]
[SourceDate "2013.11.20"]
[SourceVersion "1"]
[SourceVersionDate "2013.11.20"]
[SourceQuality "1"]

1. e4 c5 2. Nf3 Nc6 3. d4 cxd4 4. Nxd4 g6 5. Be2 Bg7 6. Nb3 Nf6 7. Nc3 0-0 8. 0-0 d6 9. Re1 b6 10. Bf1 Bb7 11. Nd5 Re8 12. c3 Nd7 13. Bg5 Nc5 14. Qd2 a5 15. Bb5 Ne6 16. Be3 Nc5 17. Bh6 e6 18. Bxg7 Kxg7 19. Nd4 Rc8 20. Nxc6 Bxc6 21. Bxc6 Rxc6 22. Qd4+ e5 23. Qc4 Qc8 24. Qb5 Nd7 25. Rad1 Rc5 26. Qe2 Rd8 27. Rd3 Qb8 28. Qd2 Nf8 29. Qg5 Nd7 30. Rh3 Rxd5 31. Qh6+ Kf6 32. Rf3+ Ke7 33. Qh4+ Ke8 34. Qxh7 1-0

[Event "Novokuznetsk Siberia-ch"]
[Site "Novokuznetsk"]
[Date "2013.03.28"]
[Round "8"]
[White "Zhuk, Valeriy"]
[Black "Glukhov, Mikhail"]
[Result "1/2-1/2"]
[WhiteElo "1992"]
[BlackElo "2170"]
[PlyCount "106"]
[EventDate "2013.03.21"]
[EventType "swiss"]
[EventRounds "9"]
[EventCountry "RUS"]
[SourceTitle "CBM 153 Extra"]
[Source "ChessBase"]
[SourceDate "2013.04.22"]
[SourceVersion "1"]
[SourceVersionDate "2013.04.22"]
[SourceQuality "1"]

1. e4 e5 2. Nf3 Nc6 3. Bc4 Nf6 4. d3 Bc5 5. Nc3 d6 6. Bg5 h6 7. Bxf6 Qxf6 8. Nd5 Qd8 9. c3 a6 10. d4 Ba7 11. dxe5 dxe5 12. 0-0 0-0 13. a4 Bc5 14. b4 Bd6 15. Qb3 Bg4 16. Be2 Ne7 17. Ne3 Bxf3 18. Bxf3 Ng6 19. g3 Qf6 20. Bg2 Rfd8 21. Rfd1 c6 22. c4 Nf8 23. c5 Bc7 24. b5 Rxd1+ 25. Rxd1 axb5 26. axb5 Rd8 27. b6 Rxd1+ 28. Qxd1 Bd8 29. Ng4 Qe7 30. Nxe5 Bxb6 31. cxb6 Qxe5 32. Qd8 Qe6 33. Qc7 Qd7 34. h4 g5 35. f3 g4 36. f4 Qd4+ 37. Kh2 Nd7 38. Qxb7 Nxb6 39. Qxc6 h5 40. e5 Nc4 41. e6 fxe6 42. Qxe6+ Kf8 43. f5 Ne3 44. Qh6+ Ke7 45. Qg5+ Kd7 46. Qxh5 Qd2 47. Qf7+ Kd6 48. Qf6+ Kc5 49. Qc6+ Kb4 50. f6 Qf2 51. Qb6+ Kc4 52. Qc6+ Kb4 53. Qb6+ Kc4 1/2-1/2

[Event "Novokuznetsk Siberia-ch"]
[Site "Novokuznetsk"]
[Date "2013.03.27"]
[Round "7"]
[White "Khanin, Semen"]
[Black "Zhuk, Valeriy"]
[Result "1/2-1/2"]
[WhiteElo "2229"]
[BlackElo "1992"]
[PlyCount "170"]
[EventDate "2013.03.21"]
[EventType "swiss"]
[EventRounds "9"]
[EventCountry "RUS"]
[SourceTitle "CBM 153 Extra"]
[Source "ChessBase"]
[SourceDate "2013.04.22"]
[SourceVersion "1"]
[SourceVersionDate "2013.04.22"]
[SourceQuality "1"]

1. Nf3 c5 2. g3 Nc6 3. Bg2 g6 4. 0-0 Bg7 5. d3 Nf6 6. e4 d6 7. Nbd2 0-0 8. c3 Ne8 9. a4 Rb8 10. Nc4 Nc7 11. Qe2 b6 12. Rd1 Bg4 13. h3 Bxf3 14. Bxf3 a6 15. Be3 e5 16. Bd2 Ne6 17. Bg2 Ne7 18. Rf1 Kh8 19. f4 b5 20. axb5 axb5 21. Ne3 f5 22. exf5 Nxf5 23. Nxf5 Rxf5 24. Be4 Rf8 25. f5 d5 26. fxe6 Rxf1+ 27. Kxf1 dxe4 28. Qxe4 Qd6 29. Ra8 Rf8+ 30. Rxf8+ Bxf8 31. Qf3 Be7 32. Bh6 Qxe6 33. Qa8+ Qg8 34. Qb7 Qe8 35. Qd5 Bf8 36. Be3 Qe7 37. Kg2 Kg7 38. h4 Qd6 39. Qb7+ Kg8 40. Qxb5 Qd5+ 41. Kf2 Qh1 42. Qc4+ Kg7 43. Qe4 Qxe4 44. dxe4 c4 45. Ke2 Kf7 46. Kd2 Ke6 47. Kc2 Kd7 48. b3 cxb3+ 49. Kxb3 Kc6 50. Kc4 Bd6 51. Bg5 Bb8 52. Be7 h5 53. Bc5 Bc7 54. Be3 Bd6 55. Kd3 Bc7 56. c4 Bd6 57. Bg1 Bb4 58. Ke2 Bc3 59. Ba7 Kb7 60. Be3 Kc6 61. Bf2 Bb4 62. Kd3 Ba5 63. Kc2 Bb4 64. Kd3 Ba5 65. Ke2 Bb4 66. Ba7 Kb7 67. Be3 Kc6 68. Bd2 Bc5 69. Be3 Kd6 70. Bd2 Kc6 71. Bc3 Kd6 72. Kf3 Ke6 73. g4 Kd6 74. gxh5 gxh5 75. Ke2 Ke6 76. Bd2 Kd6 77. Kd3 Bf2 78. Bg5 Bd4 79. Kc2 Kc5 80. Kb3 Kc6 81. Bf6 Kc5 82. Be7+ Kc6 83. Kb4 Bf2 84. c5 Bd4 85. Kc4 Ba1 1/2-1/2

[Event "Novokuznetsk Siberia-ch"]
[Site "Novokuznetsk"]
[Date "2013.03.26"]
[Round "6"]
[White "Kalyndu, Aldynbek"]
[Black "Zhuk, Valeriy"]
[Result "0-1"]
[WhiteElo "2101"]
[BlackElo "1992"]
[PlyCount "72"]
[EventDate "2013.03.21"]
[EventType "swiss"]
[EventRounds "9"]
[EventCountry "RUS"]
[SourceTitle "CBM 153 Extra"]
[Source "ChessBase"]
[SourceDate "2013.04.22"]
[SourceVersion "1"]
[SourceVersionDate "2013.04.22"]
[SourceQuality "1"]

1. d4 Nf6 2. Nf3 e6 3. g3 d5 4. Bg2 Bd6 5. 0-0 0-0 6. c4 c6 7. b3 Nbd7 8. Bb2 Qe7 9. Nc3 dxc4 10. bxc4 e5 11. e3 Re8 12. a4 a5 13. Qb3 Qe6 14. Ba3 Bxa3 15. Rxa3 Ra6 16. Nd2 exd4 17. exd4 Qd6 18. Nf3 Rb6 19. Qa2 Rb4 20. Nb1 Nf8 21. Nbd2 Re2 22. Re3 Rxe3 23. fxe3 c5 24. Ra1 Bf5 25. Qa3 Ne4 26. Nxe4 Bxe4 27. Qc3 Nd7 28. Nd2 Bxg2 29. Kxg2 Nb6 30. Ne4 cxd4 31. Nxd6 dxc3 32. Nxb7 Nxc4 33. Nc5 Rb2+ 34. Kf3 Rxh2 35. Ke4 c2 36. Kd3 Rd2+ 0-1